000 00924nam a2200253Ia 4500
003 OSt
005 20221005113313.0
006 a|||||r|||| 00| 0
007 ta
008 221004b |||||||| |||| 00| 0 pan d
020 _a8173801436 (hbk)
_c350
024 _a17217
037 _b901, 11/03/2015, H.K. Prakashan
_cTextual
040 _aCRL
_cCRL
_bpan
041 _2pan
_apan
082 _aQ7.33, 153N5;Q3
100 _aਸਿੰਘ, ਕੁਲਵੰਤ, ਥਦ.
245 0 _aਮੱਕੇ ਮਦੀਨੇ ਦੀ ਗੋFਟਿ
260 _aਪਟਿਆਲਾ
_bਪੰਜਾਬੀ ਯੂਨੀਵਰਸਿਟੀ ਭਾਰਤ
_c1988
300 _a318ਪੰ
_ccm.
650 _aਸ਼ਓਟੲਂਨਜ਼ :ਜ਼ੳਥਞਂੳਓਞਥ
_9157939
942 _hQ7.33, 153N5;Q3
_cTEXL
_2cc
999 _c1027730
_d1027730